Univerzálne mobilné zariadenia v marketingu a obchode diplomová práca

Guardado en:
Detalles Bibliográficos
Autor principal: Štec, Martin
Autor Corporativo: Obchodná fakulta EU. Katedra informatiky obchodných firiem
Otros Autores: Kuchta, Martin, 1990-
Formato: Libro
Lenguaje:eslovaco
Publicado: Bratislava 2020
Etiquetas: Agregar Etiqueta
Sin Etiquetas, Sea el primero en etiquetar este registro!

MARC

LEADER 00000nbm a2200000 4500
001 0266449
005 20201009134813.4
041 0 |a slo 
044 |a SK 
245 1 0 |a Univerzálne mobilné zariadenia v marketingu a obchode  |b diplomová práca  |c Martin Štec ; školiteľ: Martin Kuchta 
264 1 |a Bratislava  |c 2020 
300 |a 61 s. 
100 1 |a Štec, Martin 
700 1 |a Kuchta, Martin, 1990- 
710 2 |a Obchodná fakulta EU. Katedra informatiky obchodných firiem